01265 2200289 4500001002100000005001500021035002000036007000300056008004100059020001800100082001100118084001500129245020500144250002000349300003800369650002100407650001100428700002400439700003000463505034600493264003000839336002100869337003000890338002300920990001600943990001600959INLIS00000000000008820260416013719 a0010-0426000087ta260416 g 0 ind  a9789792932195 a006.66 a006.66 PAN aPanduan aplikatif & solusi (PAS) : membuat desain arsitektur gedung dengan archicad 15 dan photoshop cs5.5 /ceditor, Westriningsih ; setting, Sri Sulistiyani ; desain cover, dan_dut ; korektor, Erang acetakan pertama a252 halaman :bilustrasi ;c23 cm 4aProgram Komputer 4aDesain0 adan_duteIlustrator0 aWestriningsihePenyunting aBuku ini membahas pembuatan desain arsitektur gedung menggunakan ArchiCAD yang dipadukan dengan Photoshop untuk proses visualisasi. Materi mencakup pembuatan model bangunan, pengolahan tampilan, serta teknik penyajian hasil desain secara menarik. Buku ini ditujukan bagi pembaca yang ingin mempelajari perancangan bangunan secara digital. aYogyakarta :bANDI,c2012 2rdacontentateks 2rdamediaatanpa perantara 2rdacarrieravolume aPP000181/19 aPP000264/19